Guess savannah animals by image - Statistics

General Stats
  • This quiz has been taken 29 times
  • The average score is 24 of 44
Answer Stats
Picture Answer % Correct
Giraffe
100%
Zebra
100%
Hippo
96%
Rhino
96%
Wildebeest
84%
Hyena
76%
Buffalo
72%
Cheetah
72%
Leopard
72%
Lion
72%
Warthog
72%
Nile crocodile
68%
Ostrich
68%
Vulture
68%
Baboon
64%
Porcupine
64%
African elephant
60%
Black mamba
60%
Gazelle
60%
Flamingo
56%
Jackal
56%
Meerkat/Suricate
56%
Wild dog
56%
Honey badger
52%
Aardvark
48%
Impala
48%
Pangolin
48%
Hornbill
44%
Mongoose
44%
Eagle
40%
Caracal
36%
Dik-dik
36%
Monitor
36%
Serval
36%
Crane
32%
Secretarybird
32%
Bat-eared fox
28%
Kudu
28%
Marabou
28%
Gerenuk
24%
Hartebeest
24%
Hoopoe
24%
Waterbuck
24%
Orix
20%
No matching quizzes found
Score Distribution
Percent of People with Each Score
Percentile by Number Answered
Your Score History
You have not taken this quiz